00342cam a22001097a 4500008004000000082001600040100001600056245008000072260004800152300000900200650002300209180718b1979 xxu||||| |||| 00| 0 eng d aB12x54 M698 aMitra, Asok aNational population policy in relations to national planningcby Asok Mitra aAhmedabadbAjit Bhagat Memorial Trustc1979 a42p. aPopulation - India